Tri opatrenia na zamedzenie nezrovnalosti zákona č. 222/1992 Zb. o DPH
Opatrenia Ministerstva financií SR na zamedzenie nezrovnalosti zákona č. 222/1992 Zb. o dani z pridanej hodnoty - nárok na odpočet dane, forma platenia dane, zdaňovanie tovaru prepusteného do režimu záznamového obehu, vrátenie alebo odpustenie cla osobám, ktoré nie sú platiteľmi dane.
Gespeichert in:
| 1. Verfasser: | |
|---|---|
| Format: | Buchkapitel |
| Sprache: | Slowakisch |
| Schlagworte: | |
| Tags: |
Keine Tags, Fügen Sie das erste Tag hinzu!
|
MARC
| LEADER | 00000naa a2200000 4500 | ||
|---|---|---|---|
| 001 | r017865 | ||
| 005 | 20221213101301.8 | ||
| 041 | 0 | |a slo | |
| 044 | |a SK | ||
| 245 | 1 | 0 | |a Tri opatrenia na zamedzenie nezrovnalosti zákona č. 222/1992 Zb. o DPH |c Ján Minársky |
| 520 | |a Opatrenia Ministerstva financií SR na zamedzenie nezrovnalosti zákona č. 222/1992 Zb. o dani z pridanej hodnoty - nárok na odpočet dane, forma platenia dane, zdaňovanie tovaru prepusteného do režimu záznamového obehu, vrátenie alebo odpustenie cla osobám, ktoré nie sú platiteľmi dane. | ||
| 610 | 2 | 0 | |a dane |
| 610 | 2 | 0 | |a dane z hodnoty pridanej |
| 610 | 2 | 0 | |a opatrenia |
| 610 | 2 | 0 | |a zákony |
| 610 | 2 | 0 | |a 1992 |
| 610 | 2 | 0 | |a clá dovozné |
| 100 | 1 | |a Minársky, Ján | |